[Event "FAST Knockout (1500-2000)"]
[Site "SchemingMind.com"]
[Date "2010.12.04"]
[Round "-"]
[White "emvarela"]
[Black "juditfan"]
[Result "1-0"]
[WhiteCountry "ARG"]
[BlackCountry "ITA"]
[WhiteElo "1783"]
[WhiteRD "56"]
[BlackElo "1647"]
[BlackRD "85"]
[GameID "268288"]

1. e4 Nf6 2. e5 Nd5 3. c4 Nb6 4. d4 d6 5. f4 dxe5 6. fxe5 Bf5 7. Nc3 e6 8. Nf3 N8d7 9. Bd3 Bg6 10. Bxg6 hxg6
11. O-O Be7 12. b3 O-O 13. a4 c5 14. dxc5 Nxc5 15. Rb1 Qxd1 16. Rxd1 Rfd8 17. Ba3 Kf8 18. Bxc5 Bxc5+ 19. Kf1 f6 20. Ne4 Be7
21. Nd4 fxe5 22. Nxe6+
1-0

[Event "FAST Knockout (1500-2000)"]
[Site "SchemingMind.com"]
[Date "2010.12.04"]
[Round "-"]
[White "juditfan"]
[Black "emvarela"]
[Result "1-0"]
[WhiteCountry "ITA"]
[BlackCountry "ARG"]
[WhiteElo "1647"]
[WhiteRD "85"]
[BlackElo "1783"]
[BlackRD "56"]
[GameID "268293"]

1. e4 e5 2. f4 exf4 3. Bc4 d6 4. Nf3 Bg4 5. O-O Nf6 6. d3 Nc6 7. Bxf4 Bxf3 8. Qxf3 Ne5 9. Bxe5 dxe5 10. Nc3 Bc5+
11. Kh1 c6 12. Ne2 O-O 13. Ng3 b5 14. Bb3 Qd4 15. Nf5 Qxb2 16. Nxg7 Be7 17. Nf5 Bd8 18. Qg3+
1-0

[Event "FAST Knockout (1500-2000)"]
[Site "SchemingMind.com"]
[Date "2010.12.03"]
[Round "-"]
[White "marooned"]
[Black "Black Five"]
[Result "1/2-1/2"]
[WhiteCountry "CHI"]
[BlackCountry "WLS"]
[WhiteElo "1851"]
[WhiteRD "93"]
[BlackElo "1755"]
[BlackRD "95"]
[GameID "268738"]

1. d4 d5 2. c4 e6 3. Nc3 Nf6 4. Nf3 Be7 5. Bf4 O-O 6. e3 c6 7. cxd5 exd5 8. Bd3 Bg4 9. h3 Bh5 10. O-O Nbd7
11. a3 Re8 12. Rc1 Nb6 13. g4 Bg6 14. Ne5 Bxd3 15. Qxd3 Nbd7 16. Nxd7 Qxd7 17. Be5 Qe6 18. Ne2 Bd6 19. Nf4 Qe7 20. Bxd6 Qxd6
21. Qb3 Qd7 22. Rc5 Ne4 23. Rc2 Re7 24. Rfc1 Kh8 25. Nd3 Ng5 26. Kg2 Rae8 27. Ne5 Qc8 28. Qxd5 f6 29. Nf3=
1/2-1/2

[Event "FAST Knockout (1500-2000)"]
[Site "SchemingMind.com"]
[Date "2010.12.02"]
[Round "-"]
[White "Kenny Elliott"]
[Black "petrus"]
[Result "0-1"]
[WhiteCountry "USA"]
[BlackCountry "BEL"]
[WhiteElo "1587"]
[WhiteRD "70"]
[BlackElo "1879"]
[BlackRD "79"]
[GameID "268739"]

1. d4 c5 2. e3 cxd4 3. exd4 d5 4. c4 dxc4 5. Nf3 b5 6. b3 cxb3 7. Qxb3 a6 8. Bf4 e6 9. Nbd2 Nc6 10. Bxb5 axb5
11. Qxb5 Bd7 12. Qe2 Bb4 13. d5 Nce7 14. dxe6 Bxd2+ 15. Bxd2 Bxe6 16. O-O Nf6 17. Bg5 Nfd5 18. Rfd1 Qa5 19. Rd3 O-O 20. Bxe7 Nxe7
21. Re3 Ng6 22. a3 Bg4 23. Re4 Bxf3 24. Qxf3 Rfe8 25. Rxe8+ Rxe8 26. g3 Ne5 27. Qb3 Ng4 28. Qf3 Ne5 29. Qb3 g6 30. a4 Qa8
31. Ra3 Rb8 32. Qd1 Rb4 33. a5 Nc4 34. Rd3 Qxa5 35. Rd8+ Kg7 36. Qd4+ Qe5 37. Qd1 Qe4 38. h4 Rb1
0-1

[Event "FAST Knockout (1500-2000)"]
[Site "SchemingMind.com"]
[Date "2010.12.03"]
[Round "-"]
[White "Black Five"]
[Black "marooned"]
[Result "0-1"]
[WhiteCountry "WLS"]
[BlackCountry "CHI"]
[WhiteElo "1755"]
[WhiteRD "95"]
[BlackElo "1851"]
[BlackRD "93"]
[GameID "268741"]

1. d4 Nf6 2. c4 e6 3. Nc3 Bb4 4. e3 O-O 5. a3 Bxc3+ 6. bxc3 c5 7. Nf3 Re8 8. Bd3 Qa5 9. Bd2 Nc6 10. O-O d5
11. cxd5 exd5 12. c4 Qc7 13. cxd5 Nxd5 14. Qc2 cxd4 15. Nxd4 Nxd4 16. Qxc7 Nf3+ 17. gxf3 Nxc7 18. Be4 f5 19. Bc2 Bd7 20. Rac1 Rac8
21. Rfd1 Be6 22. f4 Nd5 23. Ba4 Red8 24. Rxc8 Rxc8 25. Rc1 Rxc1+ 26. Bxc1 Nc3 27. Be8 Ne2+
0-1

[Event "FAST Knockout (1500-2000)"]
[Site "SchemingMind.com"]
[Date "2010.12.02"]
[Round "-"]
[White "petrus"]
[Black "Kenny Elliott"]
[Result "1-0"]
[WhiteCountry "BEL"]
[BlackCountry "USA"]
[WhiteElo "1879"]
[WhiteRD "79"]
[BlackElo "1587"]
[BlackRD "70"]
[GameID "268742"]

1. d4 Nf6 2. e3 g6 3. Bd3 Bg7 4. e4 d6 5. Ne2 O-O 6. O-O c5 7. c3 Qb6 8. Nd2 e6 9. Nf3 Nbd7 10. b3 cxd4
11. cxd4 Qd8 12. Ba3 Nb6 13. e5 Nfd5 14. Bxd6 Re8 15. Nd2 f5 16. Nc4 Nxc4 17. bxc4 Ne7 18. Bc2 Nc6 19. Ba4 Bd7 20. Rb1 b6
21. f4 Bf8 22. c5 bxc5 23. dxc5 h6 24. Bxf8 Rxf8 25. Qc2 g5 26. Rfd1 Qc7 27. Bxc6 Bxc6 28. Nd4 Rfe8 29. Nxc6 Qxc6 30. Rd6 Qc7
31. c6 Qg7 32. Rb7 Qg6 33. Qd2 Rf8 34. Re7 Rfe8 35. Rdxe6 Qh5 36. Rxe8+ Rxe8 37. Rxe8+ Qxe8 38. c7
1-0

[Event "FAST Knockout (1500-2000)"]
[Site "SchemingMind.com"]
[Date "2010.12.03"]
[Round "-"]
[White "loco61"]
[Black "XTC"]
[Result "0-1"]
[WhiteCountry "ENG"]
[BlackCountry "COL"]
[WhiteElo "1573"]
[WhiteRD "64"]
[BlackElo "1889"]
[BlackRD "62"]
[GameID "268835"]

1. e4 e5 2. Nf3 Nc6 3. Bc4 Nf6 4. Nc3 Nxe4 5. Bxf7+ Kxf7 6. Nxe4 d5 7. Neg5+ Kg8 8. d3 Bg4 9. h3 Bh5 10. g4 Bg6
11. Ne6 Bb4+ 12. c3 Qd6 13. Neg5 Bc5 14. Be3 Bxe3 15. fxe3 h6 16. h4 hxg5 17. Nxg5 e4 18. d4 Qg3+ 19. Kd2 Rxh4 20. Rxh4 Qxh4
21. Ne6 Qf2+ 22. Qe2 Qxe2+ 23. Kxe2 Rc8 24. Nf4 Bf7 25. g5 g6 26. Rf1 Kg7 27. b3 Rh8 28. Rf2 Ne7 29. a4 Nf5 30. Rg2 Nh4
31. Rf2 Nf3 32. Nd3 b6 33. b4 Rh1 34. Rg2 Ng1+
0-1

[Event "FAST Knockout (1500-2000)"]
[Site "SchemingMind.com"]
[Date "2010.12.04"]
[Round "-"]
[White "spoke"]
[Black "APB"]
[Result "0-1"]
[WhiteCountry "GER"]
[BlackCountry "ENG"]
[WhiteElo "1686"]
[WhiteRD "66"]
[BlackElo "1630"]
[BlackRD "64"]
[GameID "268836"]

1. Nf3 d5 2. g3 Nf6 3. Bg2 c6 4. e3 Bg4 5. O-O Nbd7 6. d3 Ne5 7. Nbd2 e6 8. Qe1 Bd6 9. Nxe5 Bxe5 10. e4 d4
11. f4 Bc7 12. e5 Nd5 13. Nb3 Bb6 14. a4 a5 15. Kh1 Ne3 16. Bxe3 dxe3 17. Be4 e2 18. Rf2 Bxf2 19. Qxf2 O-O 20. c3 f6
21. d4 fxe5 22. Bf3 Bxf3+ 23. Qxf3 Qb6
0-1

[Event "FAST Knockout (1500-2000)"]
[Site "SchemingMind.com"]
[Date "2010.12.03"]
[Round "-"]
[White "XTC"]
[Black "loco61"]
[Result "1-0"]
[WhiteCountry "COL"]
[BlackCountry "ENG"]
[WhiteElo "1889"]
[WhiteRD "62"]
[BlackElo "1573"]
[BlackRD "64"]
[GameID "268843"]

1. e4 c5 2. Nf3 Nc6 3. d4 e6 4. Nc3 b6 5. d5 exd5 6. exd5 Nb4 7. a3 Nxd5 8. Qxd5 Rb8 9. Bc4 Qe7+ 10. Be3 Nf6
11. Qd3 g6 12. Ng5 d5 13. Nxd5 Nxd5 14. Bxd5 Be6 15. Bc6+ Bd7 16. Qd5 h6 17. Bxd7+ Qxd7 18. Qxd7+ Kxd7 19. Nxf7 Rh7 20. Ne5+ Ke8
21. Nxg6 Rg7 22. Nxf8 Kxf8 23. O-O Rg6 24. Rad1 Rb7 25. Rd8+ Kg7 26. Rfd1 Re7 27. R1d7 Re6 28. g3 Kg6 29. Rxe7 Rxe7 30. Rd6+
1-0

[Event "FAST Knockout (1500-2000)"]
[Site "SchemingMind.com"]
[Date "2010.12.03"]
[Round "-"]
[White "APB"]
[Black "spoke"]
[Result "1-0"]
[WhiteCountry "ENG"]
[BlackCountry "GER"]
[WhiteElo "1630"]
[WhiteRD "64"]
[BlackElo "1686"]
[BlackRD "66"]
[GameID "268844"]

1. e4 e5 2. Nf3 Nc6 3. Bc4 Nf6 4. Ng5 d5 5. exd5 Na5 6. Bb5+ c6 7. dxc6 bxc6 8. Qf3 Rb8 9. Bxc6+ Nxc6 10. Qxc6+ Nd7
11. d3 Be7 12. Ne4 Rb6 13. Qa4 f5 14. Nec3 Bb7 15. O-O Rg6 16. f3 Qb6+ 17. Kh1 O-O 18. Qxd7 Bh4 19. Nd5 Bxd5 20. Qxd5+ Kh8
21. Qxe5 f4 22. b3 Rc8 23. c3 Bg3 24. Bxf4 Re6 25. Qf5
1-0

[Event "FAST Knockout (1500-2000)"]
[Site "SchemingMind.com"]
[Date "2010.12.06"]
[Round "-"]
[White "Clive Everill"]
[Black "madrugada"]
[Result "1/2-1/2"]
[WhiteCountry "CZE"]
[BlackCountry "BEL"]
[WhiteElo "1689"]
[WhiteRD "50"]
[BlackElo "1866"]
[BlackRD "92"]
[GameID "268943"]

1. e4 Nf6 2. e5 Nd5 3. d4 d6 4. Nf3 Nc6 5. c4 Nb6 6. exd6 exd6 7. Be3 Be7 8. Nc3 Bg4 9. Be2 O-O 10. d5 Bxf3
11. Bxf3 Ne5 12. b3 Nxf3+ 13. Qxf3 Nd7 14. O-O Nf6 15. Qg3 Nh5 16. Qg4 Nf6 17. Qg3 Nh5 18. Qg4 Nf6 19. Qg3 Nh5 20. Qg4 Nf6=
1/2-1/2

[Event "FAST Knockout (1500-2000)"]
[Site "SchemingMind.com"]
[Date "2010.12.06"]
[Round "-"]
[White "madrugada"]
[Black "Clive Everill"]
[Result "1/2-1/2"]
[WhiteCountry "BEL"]
[BlackCountry "CZE"]
[WhiteElo "1866"]
[WhiteRD "92"]
[BlackElo "1689"]
[BlackRD "50"]
[GameID "268951"]

1. e4 Nc6 2. Nc3 Nf6 3. Nf3 d5 4. Bb5 d4 5. Ne2 Bg4 6. Nexd4 Bxf3 7. Nxc6 Bxd1 8. Nxd8+ Kxd8 9. Kxd1 Nxe4 10. Rf1 c6
11. Ba4 e6 12. d3 Nc5 13. Bb3 Nxb3 14. axb3 Bd6 15. Bg5+ f6 16. Be3 a6 17. Bb6+ Kd7 18. Ra4 e5 19. Kc1 Rae8 20. Kd2 c5
21. Ba5 Kc6 22. b4 b6 23. bxc5 Bxc5 24. Bc3 a5 25. Rg4 g6 26. f4 exf4 27. Bxf6 Be3+ 28. Kd1 Rhf8 29. Bg5 h5 30. Rh4 f3
31. Bxe3 Rxe3 32. gxf3 Rexf3 33. Rxf3 Rxf3 34. Ke2 Rf5 35. Re4 Rf6 36. Ke3 b5 37. Re5 a4 38. c3 Rd6 39. d4 Rf6 40. Rc5+ Kb6
41. Rg5 Kc6 42. h4 Re6+ 43. Re5 Rf6 44. Rc5+ Kb6 45. Rg5 Re6+ 46. Re5 Rf6 47. Rc5 Re6+ 48. Kd3 Rd6 49. c4 bxc4+ 50. Kxc4 Rf6
51. Rg5=
1/2-1/2

[Event "FAST Knockout (1500-2000)"]
[Site "SchemingMind.com"]
[Date "2010.12.05"]
[Round "-"]
[White "Gnagflow"]
[Black "jtrochez1"]
[Result "1-0"]
[WhiteCountry "GER"]
[BlackCountry "HON"]
[WhiteElo "1745"]
[WhiteRD "93"]
[BlackElo "1581"]
[BlackRD "48"]
[GameID "269042"]

1. e4 e5 2. Nf3 Nc6 3. Bb5 d6 4. d4 Bd7 5. d5 Nb8 6. Bd3 Be7 7. O-O Bf6 8. b4 Ne7 9. c4 O-O 10. b5 b6
11. Nc3 Ng6 12. a4 a5 13. Be3 Qc8 14. h3 Be7 15. g4 f6 16. Be2 Nf4 17. Bxf4 exf4 18. Nh4 f5 19. Nxf5 Bxf5 20. exf5 Bf6
21. Ra3 Be5 22. Bf3 Nd7 23. Ne4 Nf6 24. Ng5 Kh8 25. Ne6 Rg8 26. g5 Ne8 27. g6 h6 28. Be4 Nf6 29. Qf3 Qd7 30. Nxf4 Bxf4
31. Qxf4 Nxe4 32. Qxe4 Rae8 33. Qf3 Rgf8 34. Re3 Rxe3 35. fxe3 Qe7 36. Qf4 Rf6 37. e4 Kg8 38. Kh2 Qe5 39. Qxe5 dxe5 40. Rc1 Kf8
41. c5 Ke7 42. d6+ Kd7 43. dxc7 Kxc7 44. c6 Rd6 45. Rf1 Rf6 46. Rd1
1-0

[Event "FAST Knockout (1500-2000)"]
[Site "SchemingMind.com"]
[Date "2010.12.05"]
[Round "-"]
[White "jtrochez1"]
[Black "Gnagflow"]
[Result "1-0"]
[WhiteCountry "HON"]
[BlackCountry "GER"]
[WhiteElo "1581"]
[WhiteRD "48"]
[BlackElo "1745"]
[BlackRD "93"]
[GameID "269049"]

1. e4 c5 2. Bc4 Nc6 3. Nf3 e6 4. d4 Nf6 5. e5 Ne4 6. O-O cxd4 7. Nxd4 Nxe5 8. Be2 Bc5 9. c3 O-O 10. Be3 Qf6
11. Nd2 d5 12. Nxe4 dxe4 13. b4 Bb6 14. a4 a5 15. b5 Bc7 16. Qc2 Qg6 17. f4 exf3 18. Qxg6 fxg6 19. Nxf3 Ng4 20. Bc5 Rf5
21. Bd4 g5 22. h3 Nh6 23. Bd3 Rf7 24. Nxg5 Rxf1+ 25. Rxf1 Bd7 26. Bxh7+ Kh8 27. Be4 e5 28. Be3 Re8 29. Nf7+ Kg8 30. Nxh6+ gxh6
31. Bxh6 Be6 32. Bxb7 Bb3 33. Bc6 Rb8 34. Be3 Bb6 35. Bxb6 Rxb6 36. Rf5 Bxa4 37. c4 Bb3 38. Bd5+ Kg7 39. Rxe5 a4 40. Re1 Rb8
41. g4 Kf6 42. Kf2 Rb6 43. Re3 Bc2 44. Kg3 Rb8 45. Kf4 Rf8 46. Kg3 Kg6 47. c5 Rd8 48. Re6+ Kg7 49. Rd6 Rxd6 50. cxd6
1-0

[Event "FAST Knockout (1500-2000)"]
[Site "SchemingMind.com"]
[Date "2010.12.07"]
[Round "-"]
[White "jacekp_05"]
[Black "lennart"]
[Result "1-0"]
[WhiteCountry "POL"]
[BlackCountry "SWE"]
[WhiteElo "1982"]
[WhiteRD "116"]
[BlackElo "1529"]
[BlackRD "55"]
[GameID "269191"]

1. e4 e5 2. Nc3 Nc6 3. Bc4 d6 4. d3 Be6 5. Nge2 Qf6 6. Nd5 Bxd5 7. Bxd5 Nge7 8. Bb3 Qg6 9. O-O O-O-O 10. f4 exf4
11. Nxf4 Qh6 12. Ne6 Qxe6 13. Bxe6+ fxe6 14. Bg5 h6 15. Bxe7 Bxe7 16. Qg4 Kd7 17. c3 g5 18. d4 h5 19. Qe2 e5 20. d5 Nb8
21. Rf7 a6 22. Raf1 Rhe8 23. Qxh5 Rf8 24. Qg4+
1-0

[Event "FAST Knockout (1500-2000)"]
[Site "SchemingMind.com"]
[Date "2010.12.07"]
[Round "-"]
[White "lennart"]
[Black "jacekp_05"]
[Result "0-1"]
[WhiteCountry "SWE"]
[BlackCountry "POL"]
[WhiteElo "1529"]
[WhiteRD "55"]
[BlackElo "1982"]
[BlackRD "116"]
[GameID "269201"]

1. e4 e6 2. Nc3 d5 3. d4 dxe4 4. Qd2 Nf6 5. Be2 Bb4 6. Qg5 O-O 7. Bd2 Nc6 8. a3 Bxc3 9. Bxc3 Nd5 10. Qxd8 Rxd8
11. O-O-O Nxc3 12. bxc3 a6 13. Bg4 e5 14. Be2 exd4 15. c4 Bf5 16. Rd2 d3 17. cxd3 exd3 18. Bf3 Na5 19. Rd1 Nxc4
0-1

[Event "FAST Knockout (1500-2000)"]
[Site "SchemingMind.com"]
[Date "2011.01.03"]
[Round "-"]
[White "jacekp_05"]
[Black "Gnagflow"]
[Result "1/2-1/2"]
[WhiteCountry "POL"]
[BlackCountry "GER"]
[WhiteElo "1991"]
[WhiteRD "90"]
[BlackElo "1742"]
[BlackRD "94"]
[GameID "271782"]

1. e4 e5 2. Nf3 Nc6 3. Bc4 Nf6 4. d3 Bc5 5. c3 a6 6. Bb3 d6 7. h3 h6 8. O-O O-O 9. Re1 Na5 10. Bc2 Ba7
11. Nbd2 b5 12. Nf1 Nh5 13. d4 Qf6 14. Ne3 Nf4 15. Nd5 Nxd5 16. exd5 c6 17. dxe5 dxe5 18. d6 Rd8 19. Qd3 g6 20. Bxh6 Rxd6
21. Bg5 Bf5 22. Bxf6 Bxd3 23. Bxd3 Rxf6 24. Rxe5 Rd8 25. Bf1 c5 26. Rae1 c4 27. a4 Nb3 28. axb5 Kf8 29. bxa6 Nd2 30. R1e2 Nxf3+
31. gxf3 Rxa6 32. Bg2 Ra1+ 33. Re1 Rxe1+ 34. Rxe1 Rd2 35. Re4 Rxf2 36. Kh1 Rxb2 37. f4 Rb1+ 38. Kh2 g5 39. Rxc4 Bb8 40. h4 Bxf4+
41. Kh3 f6 42. hxg5 fxg5 43. Kg4 Ke7=
1/2-1/2

[Event "FAST Knockout (1500-2000)"]
[Site "SchemingMind.com"]
[Date "2011.01.03"]
[Round "-"]
[White "Gnagflow"]
[Black "jacekp_05"]
[Result "1/2-1/2"]
[WhiteCountry "GER"]
[BlackCountry "POL"]
[WhiteElo "1772"]
[WhiteRD "93"]
[BlackElo "1994"]
[BlackRD "91"]
[GameID "271783"]

1. e4 e5 2. Nf3 Nc6 3. Bb5 a6 4. Ba4 Nf6 5. d4 Nxe4 6. O-O b5 7. Bb3 d5 8. dxe5 Be6 9. Be3 Be7 10. c3 Na5
11. Nbd2 Nxd2 12. Bxd2 O-O 13. Bc2 Nc4 14. b3 Nxd2 15. Nxd2 c5 16. f4 f5 17. Nf3 Qb6 18. Kh1 d4 19. cxd4 cxd4 20. Qxd4 Bc5
21. Qd1 Rad8 22. Qe2 Be3 23. g3 h6 24. h4 a5 25. Rad1 Bc5 26. h5 Qc6 27. Kh2 Be7 28. Nd4 Rxd4 29. Rxd4 b4 30. Bd3 Qc3
31. Bc4 Qxd4 32. Bxe6+ Kh8 33. Qc2 Qe3 34. Rf2 Bc5 35. Rg2 Qf3 36. Qe2 Qc6 37. Bc4 Rd8 38. e6 Qd6 39. Qe5 Qxe5 40. fxe5 Be7
41. Rf2 Rf8 42. Bd3 Bc5 43. Rxf5 Rxf5 44. Bxf5 Kg8 45. Kg2 Bd4 46. Kf3 Bxe5=
1/2-1/2

[Event "FAST Knockout (1500-2000)"]
[Site "SchemingMind.com"]
[Date "2011.01.14"]
[Round "-"]
[White "Clive Everill"]
[Black "XTC"]
[Result "1-0"]
[WhiteCountry "CZE"]
[BlackCountry "COL"]
[WhiteElo "1689"]
[WhiteRD "50"]
[BlackElo "1922"]
[BlackRD "59"]
[GameID "273076"]

1. e4 e5 2. Bc4 Bc5 3. Nc3 Nc6 4. Qg4 Qf6 5. Nd5 Qxf2+ 6. Kd1 Kf8 7. Nh3 Qd4 8. d3 Bb6 9. Rf1 Nd8 10. c3 Qc5
11. Ng5 h6 12. Nxf7 Nxf7 13. Qg6 Nf6 14. Nxf6
1-0

[Event "FAST Knockout (1500-2000)"]
[Site "SchemingMind.com"]
[Date "2011.01.15"]
[Round "-"]
[White "XTC"]
[Black "Clive Everill"]
[Result "1-0"]
[WhiteCountry "COL"]
[BlackCountry "CZE"]
[WhiteElo "1938"]
[WhiteRD "61"]
[BlackElo "1688"]
[BlackRD "52"]
[GameID "273081"]

1. e4 e6 2. d4 d5 3. Nc3 Nf6 4. Bg5 Be7 5. e5 Ng8 6. Bxe7 Nxe7 7. Nf3 b6 8. Bd3 Ba6 9. O-O O-O 10. Bxa6 Nxa6
11. Qd3 Nb4 12. Qb5 a5 13. a3 c6 14. Qe2 Na6 15. Qd3 h6 16. Ne2 Nf5 17. b3 c5 18. c3 Qe7 19. Qb5 Qc7 20. Nf4 Qb7
21. dxc5 Nxc5 22. Nd4 Nxd4 23. cxd4 Ne4 24. Rfc1 Rfc8 25. f3 Ng5 26. h4 Nh7 27. Nd3 Nf8 28. h5 Nh7 29. f4 Nf8 30. Kh2 Nd7
31. Rxc8+ Rxc8 32. Rc1 Rxc1 33. Nxc1 Qc7 34. Ne2 f6 35. Kh3 Kf7 36. g4 Ke7 37. Qd3 Nf8 38. Kg3 Qc6 39. exf6+ gxf6 40. f5 Kf7
41. fxe6+ Qxe6 42. Kf3 Qd6 43. Qf5 Qe6 44. Nf4 Qxf5 45. gxf5 Nd7 46. Nxd5 b5 47. Nc7 b4 48. axb4 axb4 49. Nd5 Ke8 50. Nxb4 Nb6
51. Ke4 Ke7 52. Nd5+
1-0

[Event "FAST Knockout (1500-2000)"]
[Site "SchemingMind.com"]
[Date "2011.01.19"]
[Round "-"]
[White "APB"]
[Black "petrus"]
[Result "0-1"]
[WhiteCountry "ENG"]
[BlackCountry "BEL"]
[WhiteElo "1672"]
[WhiteRD "60"]
[BlackElo "1895"]
[BlackRD "76"]
[GameID "273584"]

1. e4 e6 2. d4 d5 3. Nd2 Nc6 4. Ngf3 dxe4 5. Nxe4 Be7 6. Bb5 Bd7 7. O-O Nf6 8. Nxf6+ Bxf6 9. d5 exd5 10. Qxd5 O-O
11. Qe4 a6 12. Bd3 g6 13. Qe2 Bg4 14. c3 Ne5 15. Be4 c6 16. Bh6 Re8 17. h3 Nxf3+ 18. gxf3 Bxh3 19. Rfd1 Qc7 20. f4 Bg7
21. Bg5 f5 22. Qc4+ Kh8 23. Bf3 h6 24. Bh4 Bg4 25. Bxg4 fxg4 26. Bg3 Qe7 27. Re1 Qf8 28. Red1 Rad8 29. Rf1 h5 30. Bh4 Bf6
31. Bg3 h4 32. Bh2 Qe7 33. Qb3 Rd6 34. Rad1 Rxd1 35. Qxd1 Qe6 36. a3 Bd8 37. Kg2 Qe4+ 38. f3 Qe2+ 39. Qxe2 Rxe2+ 40. Kh1 g3
41. Bg1 g2+
0-1

[Event "FAST Knockout (1500-2000)"]
[Site "SchemingMind.com"]
[Date "2011.01.19"]
[Round "-"]
[White "petrus"]
[Black "APB"]
[Result "1-0"]
[WhiteCountry "BEL"]
[BlackCountry "ENG"]
[WhiteElo "1895"]
[WhiteRD "76"]
[BlackElo "1672"]
[BlackRD "60"]
[GameID "273591"]

1. d4 Nf6 2. e3 d5 3. Bd3 e6 4. Nd2 c5 5. c3 Nc6 6. Ngf3 Bd6 7. O-O O-O 8. Qc2 g6 9. h3 c4 10. Be2 e5
11. e4 dxe4 12. Nxe4 Bf5 13. Nxf6+ Kh8 14. Ne4 b5 15. dxe5 Nxe5 16. Nxe5 Bxe5 17. Bf3 Qc7 18. Qe2 Rae8 19. Bh6 Rg8 20. Rfe1 Re6
21. Rad1 Bxe4 22. Bxe4 f5 23. Bd5 Bh2+ 24. Kh1 Rxe2 25. Rxe2 Rd8 26. Bg5 Rf8 27. Re8 Kg7 28. Re7+ Qxe7 29. Bxe7 Re8 30. Kxh2 Rxe7
31. Bc6 a6 32. Rd7 Rxd7 33. Bxd7 h6 34. a3 Kf6 35. f4 Ke7 36. Bc8 a5 37. Ba6
1-0

[Event "FAST Knockout (1500-2000)"]
[Site "SchemingMind.com"]
[Date "2011.01.24"]
[Round "-"]
[White "marooned"]
[Black "emvarela"]
[Result "1-0"]
[WhiteCountry "CHI"]
[BlackCountry "ARG"]
[WhiteElo "1962"]
[WhiteRD "80"]
[BlackElo "1800"]
[BlackRD "49"]
[GameID "273915"]

1. d4 Nf6 2. c4 g6 3. Nc3 Bg7 4. e4 d6 5. f3 O-O 6. Bd3 c5 7. d5 Bd7 8. Nge2 e6 9. O-O exd5 10. exd5 Re8
11. Bf4 Bf8 12. Bg5 h6 13. Bh4 Be7 14. Bxf6 Bxf6 15. Qc2 Kg7 16. Rae1 Bxc3 17. Qxc3+ Qf6 18. Qb3 b6 19. Ng3 Qd4+ 20. Kh1 Na6
21. a3 Re3 22. Rxe3 Qxe3 23. Ne4 Qf4 24. Qc3+ f6 25. g3 Qe5 26. Qxe5 dxe5 27. Re1 f5 28. Nd6 Kf6 29. g4 f4 30. Kg2 Nc7
31. Ne4+ Kf7 32. h4 b5 33. Nxc5 bxc4 34. Bxc4
1-0

[Event "FAST Knockout (1500-2000)"]
[Site "SchemingMind.com"]
[Date "2011.01.23"]
[Round "-"]
[White "emvarela"]
[Black "marooned"]
[Result "0-1"]
[WhiteCountry "ARG"]
[BlackCountry "CHI"]
[WhiteElo "1799"]
[WhiteRD "49"]
[BlackElo "1925"]
[BlackRD "82"]
[GameID "273920"]

1. e4 d6 2. d4 g6 3. c4 Bg7 4. Nc3 Nf6 5. Nf3 O-O 6. Be2 c5 7. O-O cxd4 8. Nxd4 Nc6 9. Nxc6 bxc6 10. Bd2 Rb8
11. Qc2 Qc7 12. b3 d5 13. exd5 cxd5 14. Rac1 Bf5 15. Bd3 Bxd3 16. Qxd3 dxc4 17. Qxc4 Qxc4 18. bxc4 Rb2 19. Bg5 h6 20. Bxf6 Bxf6
21. Nd5 Rxa2 22. Nxf6+ exf6 23. Rc3 Rc8 24. Rfc1 a5 25. c5 a4 26. c6 Rb2 27. g3 Rb6 28. c7 Rb7 29. h4 f5 30. Kg2 Ra7
31. Ra3 Raxc7 32. Rxc7 Rxc7 33. Rxa4 f6 34. f3 Kf7 35. g4 fxg4 36. Rxg4 Rc2+ 37. Kg3 g5 38. hxg5 fxg5 39. Rd4 Kg6 40. Rd6+ Kh5
41. Rd4 Rc1 42. Rd5 Rc4 43. Kh3 Rf4 44. Kg3 Rf6 45. Rc5= Kg6 46. Rc4 h5 47. Rd4 Re6 48. Kh3 Kf5 49. Kg3 h4+ 50. Kh3 Re3
51. Kg2 Re2+
0-1

[Event "FAST Knockout (1500-2000)"]
[Site "SchemingMind.com"]
[Date "2011.03.04"]
[Round "-"]
[White "Gnagflow"]
[Black "petrus"]
[Result "1-0"]
[WhiteCountry "GER"]
[BlackCountry "BEL"]
[WhiteElo "1773"]
[WhiteRD "91"]
[BlackElo "1830"]
[BlackRD "80"]
[GameID "277491"]

1. e4 c5 2. Nf3 b6 3. d4 cxd4 4. Nxd4 e5 5. Nf3 Qc7 6. Nc3 Bb4 7. Bd2 Bb7 8. Bd3 Nf6 9. O-O O-O 10. Nb5 Qc5
11. Bxb4 Qxb4 12. Nc7 Qxb2 13. Nxa8 Bxa8 14. Rb1 Qc3 15. Rb3 Qa5 16. Qa1 Bxe4 17. Qxe5 Qa4 18. Bxe4 Re8 19. Bxh7+ Kxh7 20. Qf5+ Kg8
21. Re1 Qxa2 22. Rbe3 Re6 23. Ne5 Qa5 24. Qf4 Qd2 25. Nf3 Rxe3 26. Qxb8+ Kh7 27. Nxd2 Rxe1+ 28. Nf1 Ra1 29. f3 Ra2 30. Ne3 Ra1+
31. Kf2 Ra5 32. h4 d5 33. Qf4 Rc5 34. g4 a5 35. g5 Ng8 36. Qxf7
1-0

[Event "FAST Knockout (1500-2000)"]
[Site "SchemingMind.com"]
[Date "2011.03.04"]
[Round "-"]
[White "petrus"]
[Black "Gnagflow"]
[Result "1/2-1/2"]
[WhiteCountry "BEL"]
[BlackCountry "GER"]
[WhiteElo "1861"]
[WhiteRD "76"]
[BlackElo "1772"]
[BlackRD "93"]
[GameID "277500"]

1. d4 Nf6 2. Nf3 g6 3. e3 Bg7 4. Bd3 d5 5. Nbd2 O-O 6. c3 Bg4 7. e4 dxe4 8. Nxe4 Nc6 9. h3 Bxf3 10. Qxf3 e5
11. Bg5 exd4 12. Bxf6 Bxf6 13. Nxf6+ Kg7 14. Ne4 f5 15. Nc5 Qe7+ 16. Ne4 fxe4 17. Qxe4 Qxe4+ 18. Bxe4 Rfe8 19. f3 d3 20. O-O-O Rad8
21. Rxd3 Rxd3 22. Bxd3 Ne5 23. Be4 b6 24. Rd1 g5 25. Kc2 a5 26. Kb3 b5 27. Rd5 c6 28. Rd6 h5 29. a4 bxa4+ 30. Kxa4 Nc4
31. Rxc6 Nxb2+ 32. Kxa5 Nd1 33. Rg6+ Kf7 34. Rxg5 Nxc3 35. Bg6+ Kf6 36. Bxe8 Kxg5 37. g3 Ne2 38. f4+ Kf5 39. Bd7+ Kf6 40. Kb5 Nxg3
41. Kc5 Ne2=
1/2-1/2

[Event "FAST Knockout (1500-2000)"]
[Site "SchemingMind.com"]
[Date "2011.05.27"]
[Round "-"]
[White "marooned"]
[Black "XTC"]
[Result "1/2-1/2"]
[WhiteCountry "CHI"]
[BlackCountry "COL"]
[WhiteElo "1953"]
[WhiteRD "83"]
[BlackElo "1965"]
[BlackRD "75"]
[GameID "285065"]

1. d4 d5 2. c4 Nf6 3. Nc3 h6 4. cxd5 Nxd5 5. e4 Nxc3 6. bxc3 e5 7. Bc4 exd4 8. cxd4 Bb4+ 9. Bd2 Bxd2+ 10. Qxd2 Qe7
11. e5 O-O 12. Nf3 Nc6 13. O-O Bg4 14. Bd5 Qd7 15. Bxc6 Qxc6 16. Rac1 Qd7 17. Qe3 c6 18. Nd2 Rfd8 19. Nb3 Be6 20. Nc5 Qxd4
21. Qxd4 Rxd4 22. Nxb7 Bd5 23. Na5 Rg4 24. g3 Rg6 25. Rc2 Be4 26. Rcc1 Bd5 27. f4 Rb8 28. Rc2=
1/2-1/2

[Event "FAST Knockout (1500-2000)"]
[Site "SchemingMind.com"]
[Date "2011.05.27"]
[Round "-"]
[White "XTC"]
[Black "marooned"]
[Result "1/2-1/2"]
[WhiteCountry "COL"]
[BlackCountry "CHI"]
[WhiteElo "1965"]
[WhiteRD "75"]
[BlackElo "1953"]
[BlackRD "83"]
[GameID "285070"]

1. d4 Nf6 2. c4 e6 3. Nc3 Bb4 4. Bd2 d5 5. cxd5 exd5 6. a3 Bxc3 7. bxc3 O-O 8. Nf3 Bg4 9. e3 Ne4 10. Be2 Nd7
11. O-O Ndf6 12. Ne5 Bxe2 13. Qxe2 Nd7 14. Nxd7 Qxd7 15. f3 Nxd2 16. Qxd2 f5 17. Qd3 Rae8 18. Rfe1 c6 19. c4 Rc8 20. Rab1 b6
21. e4 fxe4 22. fxe4 dxe4 23. Qxe4 Rce8 24. Qd3 Qf7 25. Rf1 Qe7 26. Rxf8+ Rxf8 27. Rf1 Re8=
1/2-1/2